| 000 | 00508 a2200205 4500 | ||
|---|---|---|---|
| 005 | 20260226110935.0 | ||
| 008 | 260225b |||||||| |||| 00| 0 eng d | ||
| 020 |
_a9789371267892 _cRs. 2395.00 |
||
| 040 | _aMAIN | ||
| 082 |
_a343.052 _bT199I |
||
| 100 | _aTaxmann | ||
| 245 | _aIncome tax act 2025 | ||
| 250 | _a71st | ||
| 260 |
_bTaxmann _c2025 _aNew Delhi |
||
| 300 | _av. | ||
| 650 | _aTaxation-Law and Legislation | ||
| 650 | _aDirect Taxes-India | ||
| 650 | _aRevenue Law-India | ||
| 942 | _cBK | ||
| 999 |
_c396366 _d396366 |
||